000 00304nam a22001217a 4500
008 180124b xxu||||| |||| 00| 0 eng d
041 _aeng
080 _215 ed
_a33
100 _a52
101 _aeco
245 _aeconomics today the macro view and the micro view
_cmiller.r.l
942 _2udc
_cBK
999 _c40845
_d40845